BIBLIOTECA PODER JUDICIAL
Portal Judicial TDF

La obligación de seguridad frente al hecho de la víctima : (Registro nro. 5479)

000 -LEADER
fixed length control field 01585nab a22002537a 4500
003 - CONTROL NUMBER IDENTIFIER
control field OSt
005 - DATE AND TIME OF LATEST TRANSACTION
control field 20251123233303.0
008 - FIXED-LENGTH DATA ELEMENTS--GENERAL INFORMATION
fixed length control field 190603e xxum|||| |||| 00| 0 spa d
040 ## - CATALOGING SOURCE
Transcribing agency PJ
100 ## - MAIN ENTRY--PERSONAL NAME
9 (RLIN) 6477
Personal name Brun, Juan Martín
245 13 - TITLE STATEMENT
Title La obligación de seguridad frente al hecho de la víctima :
Remainder of title la injerencia causal del comportamiento de los menores /
Statement of responsibility, etc Juan Martín Brun.
260 ## - PUBLICATION, DISTRIBUTION, ETC. (IMPRINT)
Date of publication, distribution, etc Ciudad Autónoma de Buenos Aires :
Place of publication, distribution, etc Thomson Reuters La Ley,
Name of publisher, distributor, etc 2025.
300 ## - PHYSICAL DESCRIPTION
Extent p. 183-193
500 ## - GENERAL NOTE
General note Cita Online: TR LALEY AR/DOC/47/2025.<br/>
505 ## - FORMATTED CONTENTS NOTE
Formatted contents note Sumario: I. Introducción.— II. El caso.— III. Relación de consumo y obligación de seguridad.— IV. Fractura del nexo causal. Eximente "causa ajena".— V. El hecho del damnificado como eximente.— VI. La incidencia del derecho del consumidor para valorar el alcance de la eximente.— VII. La condición de "menor" a los fines de determinar el porcentaje de incidencia causal de la eximente.— VIII. Corolario.
505 ## - FORMATTED CONTENTS NOTE
Title Fallo comentado: CNCiv., sala C ~ 19/09/2024 ~ R., F. G. c. Sindicato de Empleados de Comercio s/ daños y perjuicios.
505 ## - FORMATTED CONTENTS NOTE
Title ¿Te interesa el texto completo? Solicitalo al correo: koha@justierradelfuego.gov.ar<br/>
650 #0 - SUBJECT ADDED ENTRY--TOPICAL TERM
9 (RLIN) 2597
Topical term or geographic name as entry element DEFENSA DEL CONSUMIDOR
650 #0 - SUBJECT ADDED ENTRY--TOPICAL TERM
9 (RLIN) 1467
Topical term or geographic name as entry element RESPONSABILIDAD CIVIL
650 #0 - SUBJECT ADDED ENTRY--TOPICAL TERM
9 (RLIN) 2823
Topical term or geographic name as entry element DAÑOS Y PERJUICIOS
650 #0 - SUBJECT ADDED ENTRY--TOPICAL TERM
9 (RLIN) 2741
Topical term or geographic name as entry element DERECHOS DE LAS NIÑAS, NIÑOS Y ADOLESCENTES
773 0# - HOST ITEM ENTRY
Host Biblionumber 2713
Host Itemnumber 3170
Place, publisher, and date of publication Ciudad Autónoma de Buenos Aires : Thomson Reuters La Ley, 2015-
Title Revista Código Civil y Comercial. Nº 2 - Abril 2025
942 ## - ADDED ENTRY ELEMENTS (KOHA)
Source of classification or shelving scheme
Koha item type Analítica Artículo de Revista

No hay ítems disponibles.

12 de Octubre 789 Ushuaia - Tel:  54(02901)441571
Horario de Atención: 8.00 a 17.00 hs. 
bibliotecaush@justierradelfuego.gov.ar
koha@justierradelfuego.gov.ar
Seguinos en nuestras redes @bibliojustdf 

Con tecnología Koha